01013nam a22002417a 450000500170000000800410001701000140005802000260007203500130009803700150011104000180012608200100014410000190015424501090017325000120028226000390029427000640033330000270039750000510042450502600047565000130073570000230074820090720115152.0080505s2007 enka b 001 0 eng  aENG-94479 a9788176710596c495.00 aEN-78012 bDBAD / PUB adplbEnglish  a572.7 aPalmer, Trevor aEnzymes :bbiochemistry, biotechnology and clinical chemistry /cby Trevor Palmer [and] Philip L. Bonner a2nd ed. aNew Delhi bEast West Press c2008 a105, Nirmal Tower, 26, Barakhamba Road,bNew Delhi e110001 axv, 416 p. c24cm(Hb)  aIncludes bibliographical references and index. aPt. 1. Structure and function of enzymes. An introduction to enzymes ; The structure of proteins ; The biosynthesis and properties of proteins ; Specificity of enzyme action ; Monomeric and oligomeric enzymes -- Pt. 2. Kinetic and chemical mechanisms o aEnzymes. aBonner, Philip L.